|
|
|
|
| LEADER |
00877pam a22003258a 4500 |
| 001 |
00035240 |
| 005 |
20171026081023.0 |
| 008 |
161129s2015 ||||||Engsd |
| 020 |
# |
# |
|a 978 604 58 4531 8
|c 75000
|
| 041 |
0 |
# |
|a Eng
|
| 082 |
1 |
4 |
|a 428
|b A100C
|
| 100 |
1 |
# |
|a Bùi, Phú Hưng
|
| 245 |
1 |
0 |
|a A Course in English Morphology
|c Bùi Phú Hưng
|
| 260 |
# |
# |
|a Tp. Hồ Chí Minh
|b Tổng Hợp
|c 2015
|
| 300 |
# |
# |
|a 153 tr.
|c 24 cm.
|
| 653 |
# |
# |
|a Cấu trúc
|
| 653 |
# |
# |
|a Ngôn ngữ
|
| 653 |
# |
# |
|a Tự học
|
| 653 |
# |
# |
|a Tiếng Anh
|
| 852 |
# |
# |
|b Kho mượn
|j KM.0020011
|
| 852 |
# |
# |
|j KD.0018950
|j KM.0020011
|
| 852 |
# |
# |
|b Kho đọc
|j KD.0018950
|
| 910 |
|
|
|d 29/11/2016
|
| 980 |
# |
# |
|a Trung tâm Học liệu Lê Vũ Hùng, Trường Đại học Đồng Tháp
|